000 00671nam a2200253Ia 4500
003 OSt
005 20220918200624.0
006 a|||||r|||| 00| 0
007 ta
008 220917b |||||||| |||| 00| 0 eng d
024 _a89,578
037 _cTextual
040 _aARTS
_cARTS
_beng
041 _2eng
_aeng
082 _aU5:1, K8
100 _aPearcy G Etzel
_994893
245 0 _aHandbook of new Nations
260 _aLondon
_bD Van Nostrand
_c1968
300 _a327p
_ccm.
650 _aGEOPOLITICS
_940978
700 _a Stoneman Elvyn A
_994894
942 _hU5:1, K8
_cTEXL
_2CC
999 _c213248
_d213248